00785nam a2200265 a 450000100060000000300080000600500170001400800410003102000170007203500190008904000270010804100080013508200240014324500870016726000420025430000250029649000410032150000200036250500130038265000130039570000210040870000240042970000250045383000410047868391BD-RjUL20211209081750.0170402s2004 us ar 0 1 a0eng d a0824312384 : a(BD-RjUL)68601 aMULbengcMULdBD-RjUL aeng04a576.5223bANN 200400aAnnual review of genetics /cAllan Campbell; Wyatt W. Anderson; Elizabeth W. Jones aCalifornia :bAnnual Reviews, c2004. aV. :bill. ;c24 cm. aAnnual review of genetics, vv. 38,  aInclude Index. aV. 38 -- 0aGenetics aCampbell, Allan  a Anderson, Wyatt W. aJones, Elizabeth W.  a Annual review of genetics, vv. 38,